00326nam a2200121Ia 4500008004100000041000800041082001400049100002100063245004500084260003800129300003000167365000700197240624s9999 xx 000 0 und d aeng a004.6 LEV aLEVEILLE VALERIE aCCSE NG CHECK POINT CERTIFIED SECURITY E c2003aNew DelhibBPB Publications axl, : 500 : p. : cm. ; 26 cRS